<?xml version="1.0" encoding="UTF-8"?>
<collection xmlns="http://www.loc.gov/MARC21/slim">
 <record>
  <leader>01982nam a22003497a 4500</leader>
  <controlfield tag="001">31225</controlfield>
  <controlfield tag="003">BD-DhAAL</controlfield>
  <controlfield tag="005">20190519124146.0</controlfield>
  <controlfield tag="008">160807s2006    nyua     bc   000 0 eng d</controlfield>
  <datafield tag="999" ind1=" " ind2=" ">
   <subfield code="c">37751</subfield>
   <subfield code="d">37751</subfield>
  </datafield>
  <datafield tag="010" ind1=" " ind2=" ">
   <subfield code="a">  2005938883</subfield>
  </datafield>
  <datafield tag="020" ind1=" " ind2=" ">
   <subfield code="a">0847828786</subfield>
  </datafield>
  <datafield tag="020" ind1=" " ind2=" ">
   <subfield code="a">9780847828784</subfield>
  </datafield>
  <datafield tag="040" ind1=" " ind2=" ">
   <subfield code="a">KKS</subfield>
   <subfield code="c">KKS</subfield>
   <subfield code="d">BAKER</subfield>
   <subfield code="d">YDXCP</subfield>
   <subfield code="d">NjR</subfield>
   <subfield code="d">DLC</subfield>
   <subfield code="d">BD-DhAAL</subfield>
  </datafield>
  <datafield tag="050" ind1="0" ind2="0">
   <subfield code="a">NA1153.U5</subfield>
   <subfield code="b">A4 2006</subfield>
  </datafield>
  <datafield tag="082" ind1=" " ind2=" ">
   <subfield code="2">23</subfield>
   <subfield code="a">720.922</subfield>
  </datafield>
  <datafield tag="100" ind1="1" ind2=" ">
   <subfield code="a">Berkel, Ben van,</subfield>
   <subfield code="d">1957-</subfield>
   <subfield code="9">20282</subfield>
  </datafield>
  <datafield tag="245" ind1="1" ind2="0">
   <subfield code="a">UN Studio :</subfield>
   <subfield code="b">design models, architecture, urbanism, infrastructure /</subfield>
   <subfield code="c">Ben van Berkel, Caroline Bos.</subfield>
  </datafield>
  <datafield tag="260" ind1=" " ind2=" ">
   <subfield code="a">New York :</subfield>
   <subfield code="b">Rizzoli,</subfield>
   <subfield code="c">c2006.</subfield>
  </datafield>
  <datafield tag="300" ind1=" " ind2=" ">
   <subfield code="a">399 pages :</subfield>
   <subfield code="b">col. illustrations ;</subfield>
   <subfield code="c">28 cm.</subfield>
  </datafield>
  <datafield tag="504" ind1=" " ind2=" ">
   <subfield code="a">Includes bibliographical references (p. 392-395).</subfield>
  </datafield>
  <datafield tag="505" ind1="0" ind2=" ">
   <subfield code="a">Design models -- Inclusive principle -- Mathematical model -- Blob-to-box model -- V-model -- Deep-planning principle -- After image.</subfield>
  </datafield>
  <datafield tag="520" ind1=" " ind2=" ">
   <subfield code="a">&quot;This is the complete monograph of UN Studio's output. The book begins with an essay that examines how architects can stop the proliferation of willful design by ceasing to design projects and instead develop design models that can be transferred from one project to another.&quot; &quot;Divided by design model, the book's main section presents concepts and buildings in detail: from the initial, generative diagram through the digital-modeling process, to construction and final outcome.&quot;</subfield>
  </datafield>
  <datafield tag="526" ind1=" " ind2=" ">
   <subfield code="a">ARC</subfield>
  </datafield>
  <datafield tag="541" ind1=" " ind2=" ">
   <subfield code="e">31225</subfield>
  </datafield>
  <datafield tag="610" ind1="2" ind2="0">
   <subfield code="a">UN Studio</subfield>
   <subfield code="v">Catalogs.</subfield>
   <subfield code="9">20283</subfield>
  </datafield>
  <datafield tag="650" ind1=" " ind2="0">
   <subfield code="a">Architecture, Modern</subfield>
   <subfield code="y">20th century</subfield>
   <subfield code="v">Catalogs.</subfield>
   <subfield code="9">20284</subfield>
  </datafield>
  <datafield tag="650" ind1=" " ind2="0">
   <subfield code="a">Architecture, Modern</subfield>
   <subfield code="y">21st century</subfield>
   <subfield code="v">Catalogs.</subfield>
   <subfield code="9">20285</subfield>
  </datafield>
  <datafield tag="650" ind1=" " ind2="0">
   <subfield code="a">Architectural design</subfield>
   <subfield code="z">Netherlands</subfield>
   <subfield code="z">Amsterdam</subfield>
   <subfield code="v">Catalogs.</subfield>
   <subfield code="9">20286</subfield>
  </datafield>
  <datafield tag="700" ind1="1" ind2=" ">
   <subfield code="a">Bos, Caroline,</subfield>
   <subfield code="d">1959-</subfield>
   <subfield code="9">20287</subfield>
  </datafield>
  <datafield tag="942" ind1=" " ind2=" ">
   <subfield code="2">ddc</subfield>
   <subfield code="c">BK</subfield>
  </datafield>
  <datafield tag="952" ind1=" " ind2=" ">
   <subfield code="0">0</subfield>
   <subfield code="1">0</subfield>
   <subfield code="2">ddc</subfield>
   <subfield code="4">0</subfield>
   <subfield code="6">720_922000000000000_BER</subfield>
   <subfield code="7">0</subfield>
   <subfield code="9">59525</subfield>
   <subfield code="a">BRACUL</subfield>
   <subfield code="b">BRACUL</subfield>
   <subfield code="c">GEN</subfield>
   <subfield code="d">2016-08-07</subfield>
   <subfield code="e">Karim International</subfield>
   <subfield code="g">3200.00</subfield>
   <subfield code="l">1</subfield>
   <subfield code="m">8</subfield>
   <subfield code="o">720.922 BER</subfield>
   <subfield code="p">3010031225</subfield>
   <subfield code="r">2024-10-28</subfield>
   <subfield code="s">2024-09-15</subfield>
   <subfield code="t">1</subfield>
   <subfield code="w">2016-08-07</subfield>
   <subfield code="y">BK</subfield>
   <subfield code="x">Transferred from ARC to BRACUL on 28/12/2023</subfield>
  </datafield>
 </record>
</collection>
